[Event "Berlin Lichtenberger op 14th"]
[Site "Berlin"]
[Date "2015.08.22"]
[Round "8"]
[White "Albrecht, Rainer"]
[Black "Mauch, Johannes"]
[Result "1/2-1/2"]
[WhiteElo "2072"]
[BlackElo "1795"]
[PlyCount "67"]
[EventDate "2015.08.15"]
[EventType "swiss"]
[EventRounds "9"]
[EventCountry "GER"]
[SourceTitle "EXT 2016"]
[Source "ChessBase"]
[SourceDate "2015.10.08"]
[SourceVersion "1"]
[SourceVersionDate "2015.10.08"]
[SourceQuality "1"]

1. d4 Nf6 2. c4 c5 3. d5 e6 4. Nc3 exd5 5. cxd5 d6 6. Nf3 g6 7. Bg5 Bg7 8. e3 h6 9. Bh4 0-0 10. Nd2 Re8 11. Be2 Na6 12. 0-0 Nc7 13. e4 a6 14. a4 b6 15. f3 Rb8 16. Rb1 b5 17. b4 g5 18. Bf2 cxb4 19. Rxb4 Ng4 20. fxg4 Bxc3 21. Rb3 Bxd2 22. Qxd2 Rxe4 23. Bd4 Nxd5 24. Bf3 Rxd4 25. Qxd4 Qb6 26. Qxb6 Nxb6 27. axb5 Be6 28. Rb4 Nd5 29. Bxd5 Bxd5 30. Rd1 Be6 31. b6 a5 32. Rbb1 a4 33. Rxd6 a3 34. Ra1 1/2-1/2

[Event "Berlin Lichtenberger op 14th"]
[Site "Berlin"]
[Date "2015.08.21"]
[Round "7"]
[White "Mauch, Johannes"]
[Black "Guenther, Thomas"]
[Result "0-1"]
[WhiteElo "1795"]
[BlackElo "2081"]
[PlyCount "80"]
[EventDate "2015.08.15"]
[EventType "swiss"]
[EventRounds "9"]
[EventCountry "GER"]
[SourceTitle "EXT 2016"]
[Source "ChessBase"]
[SourceDate "2015.10.08"]
[SourceVersion "1"]
[SourceVersionDate "2015.10.08"]
[SourceQuality "1"]

1. e4 c5 2. Nc3 Nc6 3. f4 d6 4. Nf3 g6 5. Bc4 Bg7 6. 0-0 e6 7. d3 Nge7 8. Qe1 Nd4 9. Nxd4 cxd4 10. Nd1 0-0 11. Qg3 d5 12. Bb3 dxe4 13. dxe4 b5 14. Nf2 Qb6 15. Nd3 Bb7 16. Re1 Rac8 17. Bd2 a5 18. a4 b4 19. Qg5 Rc7 20. Kh1 Ba6 21. f5 exf5 22. Bf4 Ra7 23. Ne5 Qf6 24. exf5 Qxg5 25. Bxg5 Nxf5 26. g4 Ne3 27. Bxe3 Bxe5 28. Bh6 Bg7 29. Bxg7 Kxg7 30. Re4 Rc8 31. Rae1 Bc4 32. Re8 Rxe8 33. Rxe8 Bxb3 34. cxb3 Rd7 35. Kg2 d3 36. Re1 d2 37. Rd1 Kf6 38. Kf3 Kg5 39. h3 h5 40. gxh5 Kxh5 0-1

[Event "Berlin Spring op-A"]
[Site "Berlin"]
[Date "2014.05.02"]
[Round "4"]
[White "Welz, Peter"]
[Black "Mauch, Johannes"]
[Result "1-0"]
[WhiteElo "2128"]
[BlackElo "1758"]
[PlyCount "39"]
[EventDate "2014.05.01"]
[EventType "swiss"]
[EventRounds "7"]
[EventCountry "GER"]
[SourceTitle "CBM 160 Extra"]
[Source "ChessBase"]
[SourceDate "2014.07.01"]
[SourceVersion "1"]
[SourceVersionDate "2014.07.01"]
[SourceQuality "1"]

1. e4 e6 2. d4 d5 3. e5 c5 4. c3 Nc6 5. Nf3 Qb6 6. a3 Nh6 7. b4 cxb4 8. cxb4 Nf5 9. Bb2 Be7 10. Bd3 Bd7 11. Bxf5 exf5 12. 0-0 0-0 13. Nbd2 Rac8 14. Nb3 Be6 15. Qd3 Rc7 16. Rad1 Rfc8 17. h4 a5 18. b5 a4 19. Nc5 Na5 20. Nxa4 1-0

[Event "GER-chT U20"]
[Site "Osnabrueck"]
[Date "2012.12.29"]
[Round "6.5"]
[White "Mauch, Johannes"]
[Black "Luzius, Jannik"]
[Result "1/2-1/2"]
[WhiteElo "1580"]
[BlackElo "1519"]
[PlyCount "66"]
[EventDate "2012.12.27"]
[EventType "team-swiss"]
[EventRounds "7"]
[EventCountry "GER"]
[SourceTitle "EXT 2014"]
[Source "ChessBase"]
[SourceDate "2013.11.20"]
[SourceVersion "1"]
[SourceVersionDate "2013.11.20"]
[SourceQuality "1"]
[WhiteTeam "Jena Schott"]
[BlackTeam "Heidesheim"]
[WhiteTeamCountry "GER"]
[BlackTeamCountry "GER"]

1. Nf3 g6 2. g3 Bg7 3. Bg2 d5 4. 0-0 Nf6 5. c4 c6 6. Qc2 Bf5 7. d3 0-0 8. b3 Re8 9. Bb2 Nbd7 10. Nd4 e6 11. Nc3 Rc8 12. Rab1 Qc7 13. Qd2 a6 14. h3 h5 15. Rfc1 dxc4 16. bxc4 c5 17. Nxf5 exf5 18. Ba1 Rb8 19. Rb3 Re6 20. a4 b6 21. Nd5 Nxd5 22. Bxd5 Rd6 23. Qf4 Bxa1 24. Rxa1 Nf6 25. Bf3 Qd8 26. Rab1 Rd4 27. Qe5 Nd7 28. Qe3 a5 29. Qh6 Nf6 30. Qg5 Rd6 31. Qe3 Re6 32. Qxc5 Kh7 33. Qa3 Nd7 1/2-1/2

[Event "GER-chT U20"]
[Site "Osnabrueck"]
[Date "2012.12.29"]
[Round "5.5"]
[White "Schopferer, Markus"]
[Black "Mauch, Johannes"]
[Result "0-1"]
[WhiteElo "1606"]
[BlackElo "1580"]
[PlyCount "122"]
[EventDate "2012.12.27"]
[EventType "team-swiss"]
[EventRounds "7"]
[EventCountry "GER"]
[SourceTitle "EXT 2014"]
[Source "ChessBase"]
[SourceDate "2013.11.20"]
[SourceVersion "1"]
[SourceVersionDate "2013.11.20"]
[SourceQuality "1"]
[WhiteTeam "Heitersheim"]
[BlackTeam "Jena Schott"]
[WhiteTeamCountry "GER"]
[BlackTeamCountry "GER"]

1. g3 Nf6 2. Bg2 g6 3. d4 Bg7 4. e4 d6 5. Nc3 0-0 6. Nge2 Nfd7 7. 0-0 c5 8. Be3 Nc6 9. dxc5 Nxc5 10. Qd2 Rb8 11. Bh6 Ne6 12. Bxg7 Kxg7 13. Nd5 b5 14. a3 Qd7 15. Rfc1 Ba6 16. Bf1 Rfc8 17. c3 Ne5 18. Nd4 Kg8 19. Kg2 Nc4 20. Bxc4 bxc4 21. Nxe6 Qxe6 22. f3 Bb7 23. Rc2 f5 24. Re1 fxe4 25. fxe4 Rc5 26. Re3 Rf8 27. Kg1 Qf7 28. Rc1 Bxd5 29. exd5 Rxd5 30. Qe2 e5 31. Rf1 Qxf1+ 32. Qxf1 Rxf1+ 33. Kxf1 Rd2 34. Re4 Rxh2 35. Rxc4 Rxb2 36. Rc6 Rb3 37. Rxd6 Rxc3 38. Rd8+ Kg7 39. Rd7+ Kh6 40. Rxa7 Rxg3 41. a4 Ra3 42. a5 Kg5 43. Rxh7 Rxa5 44. Rf7 e4 45. Ke2 Rf5 46. Rg7 Ra5 47. Ke3 Ra4 48. Rf7 Kg4 49. Rf4+ Kg3 50. Rf1 g5 51. Rg1+ Kh4 52. Rh1+ Kg4 53. Rf1 Kh3 54. Rh1+ Kg2 55. Rh7 g4 56. Rc7 g3 57. Rg7 Kh2 58. Rh7+ Kg1 59. Rg7 g2 60. Rf7 Ra3+ 61. Ke2 Kh2 0-1